[Event "Challenge"]
[Site "http://www.queenalice.com/game.php?id=1602612"]
[Date "2020.3.15"]
[Round "-"]
[White "lgraham"]
[Black "chessdalion"]
[Result "1-0"]
[WhiteElo "1493"]
[BlackElo "1612"]

1. e4 c5 2. Bc4 e6 3. Nf3 Nc6 4. d3 d5 5. Bb5 Bd7 6. O-O Nge7 7. Nbd2 dxe4 8.
dxe4 Ng6 9. Nb3 Be7 10. Qe2 O-O 11. Be3 Nge5 12. Nxc5 Nxf3+ 13. Qxf3 a6 14. Be2
Bxc5 15. Bxc5 Re8 16. Rfd1 Qc7 17. a3 e5 18. Bc4 Be6 19. Be2 b6 20. Be3 Red8 21.
Bg5 1-0

[Event "Challenge"]
[Site "http://www.queenalice.com/game.php?id=1603806"]
[Date "2020.3.23"]
[Round "-"]
[White "lgraham"]
[Black "dejami"]
[Result "0-1"]
[WhiteElo "1514"]
[BlackElo "1690"]

1. e4 e5 2. Bc4 Qf6 3. d4 d6 4. d5 h5 5. Nc3 a6 6. Be3 b5 7. Bb3 Bg4 8. f3 Bd7
9. Qd2 Qg6 10. O-O-O Be7 11. Qf2 Bc8 12. h4 Nf6 13. Nce2 O-O 14. f4 Nxe4 15. Qe1
Qxg2 16. Rh3 Bxh3 17. Qf1 Qxf1 18. Rxf1 Bxf1 19. Kd1 Bxh4 20. c4 b4 0-1

[Event "Challenge"]
[Site "http://www.queenalice.com/game.php?id=1603807"]
[Date "2020.3.23"]
[Round "-"]
[White "dejami"]
[Black "lgraham"]
[Result "1/2-1/2"]
[WhiteElo "1712"]
[BlackElo "1492"]

1. e4 e5 2. Bc4 d6 3. Qf3 Nf6 4. h3 Nc6 5. c3 Na5 6. Bb3 d5 7. exd5 e4 8. Qe3
Bf5 9. g4 Bd7 10. Qf4 Bc5 11. Ne2 Qe7 12. O-O Bd6 13. Qe3 c5 14. dxc6 Bxc6 15.
Nd4 Qe5 16. Qg3 Qxg3+ 17. fxg3 Bxg3 18. Nf5 Bc7 19. Na3 Kf8 20. Bd1 Bb6+ 21. Rf2
Bxf2+ 22. Kxf2 Re8 23. Ke3 Nd5+ 24. Kd4 b5 25. Bb3 Ne7 26. Nd6 Rd8 27. Kc5 Nb7+
28. Nxb7 Rd7 29. Na5 Bd5 30. Bc2 a6 31. Bb3 Bb7 32. Nc2 Ba8 33. Ne3 Rc7+ 34. Kb6
Rc8 35. Kxa6 Bc6 36. Kb6 g6 37. c4 f5 38. gxf5 Kg7 39. f6+ Kxf6 40. Ng4+ Kg5 41.
d4+ Kh4 42. cxb5 Rb8+ 43. Kc5 Bxb5 44. d5 Rhc8+ 45. Kd4 Bd3 46. Ba4 Rb4+ 47. Ke5
Rxa4 48. Nb7 Ra7 49. Nd6 Rc5 50. Nf6 h5 51. Be3 Rxd5+ 52. Ke6 Rc7 53. Nxd5 Nxd5
54. Kxd5 Kg3 55. Ne8 Re7 56. Nf6 Kxh3 57. Rg1 Rg7 58. Nxe4 Bxe4+ 59. Kxe4 Kh2
60. Kf3 Rf7+ 61. Ke2 Re7 62. Rxg6 h4 63. Kf2 Re4 64. Rg2+ Kh3 65. a3 Rxe3 66.
Rg1 Rb3 67. Rh1+ Kg4 68. Rb1 h3 69. a4 Rf3+ 70. Ke2 Kg3 71. a5 Rf5 72. a6 Ra5
73. Rg1+ Kh2 74. Rg6 Ra2 75. Kf1 Ra1+ 76. Kf2 Ra2 77. Kf1 Ra1+ 78. Kf2 Ra2 79.
Kf1 Rxb2 80. a7 Ra2 81. Rg7 Ra1+ 82. Kf2 Kh1 83. Rh7 h2 84. Rg7 Rxa7 85. Rxa7
1/2-1/2

[Event "Stooge's Revenge"]
[Site "http://www.queenalice.com/game.php?id=1607710"]
[Date "2020.4.15"]
[Round "-"]
[White "JHunter"]
[Black "lgraham"]
[Result "0-1"]
[WhiteElo "1452"]
[BlackElo "1504"]

1. d4 d5 2. Nc3 Nf6 3. Nf3 Bf5 4. Nh4 Qd7 5. h3 Nc6 6. g4 Be6 7. Bf4 h6 8. Nb5
Rc8 9. Nxc7+ Rxc7 10. Bxc7 Qxc7 11. Qd2 Ne4 12. Qe3 Nb4 13. Qc1 Qxc2 14. a3 Nd3+
15. exd3 Qxf2+ 16. Kd1 Ng3 17. Bg2 Qe2# 0-1

[Event "Blues"]
[Site "http://www.queenalice.com/game.php?id=1609470"]
[Date "2020.4.26"]
[Round "-"]
[White "JHunter"]
[Black "lgraham"]
[Result "0-1"]
[WhiteElo "1438"]
[BlackElo "1492"]

1. d4 d5 2. e4 e5 3. Nf3 Bb4+ 4. Bd2 Nc6 5. Ng5 Nxd4 6. Nxf7 Kxf7 7. Bxb4 Nf6 8.
Bd3 dxe4 9. Bc4+ Be6 10. Nd2 Qd7 11. O-O b5 12. Bxe6+ Qxe6 13. Re1 a5 14. Bc5
Qd5 15. Nb3 Rhd8 16. a4 Nxb3 17. cxb3 Qxc5 18. Rc1 Qb6 19. Qc2 Rac8 20. Red1 c5
21. Qe2 bxa4 22. Rd2 axb3 23. Qc4+ Qe6 24. Qc3 a4 25. Rcd1 Qe7 26. Qa5 Ra8 27.
Qc3 g5 28. g4 Nxg4 29. Qg3 Nh6 30. Qe3 Ng4 31. Qxe4 Nf6 32. Qe3 h6 33. Rc1 Rd4
34. Re2 Ra5 35. Qxe5 Qxe5 36. Rxe5 Ng4 37. Rf5+ Kg6 38. Rf3 Rf4 39. Rg3 Rxf2 40.
Rxg4 Rxb2 41. h4 a3 42. hxg5 hxg5 43. Rf1 a2 44. Ra1 Rb1+ 0-1

[Event "Challenge"]
[Site "http://www.queenalice.com/game.php?id=1609600"]
[Date "2020.4.27"]
[Round "-"]
[White "lgraham"]
[Black "chyco"]
[Result "0-1"]
[WhiteElo "1518"]
[BlackElo "1595"]

1. d4 d5 2. e3 e6 3. Bb5+ c6 4. Ba4 b5 5. Bb3 Qg5 6. Qf3 Nf6 7. h3 Ne4 8. Qg4
Qf6 9. Qe2 Qg6 10. g4 Bd6 11. c3 Be7 12. Qf3 Bh4 13. Kd1 Nxf2+ 14. Ke1 Nxh1+ 0-1

[Event "Challenge"]
[Site "http://www.queenalice.com/game.php?id=1611177"]
[Date "2020.5.7"]
[Round "-"]
[White "lgraham"]
[Black "chyco"]
[Result "0-1"]
[WhiteElo "1505"]
[BlackElo "1608"]

1. e4 e5 2. Nf3 d6 3. Nc3 b6 4. d4 Bg4 5. Be2 f6 6. dxe5 fxe5 7. Be3 h6 8. O-O
a6 9. a4 a5 10. b3 g5 11. Qd5 c6 12. Qc4 Nd7 13. Qd3 Be7 14. h3 Be6 15. Qd1 g4
16. hxg4 Bxg4 17. Nd2 Be6 18. f4 Ngf6 19. f5 Bf7 20. Nc4 Qc7 21. Bf3 h5 22. Bg5
O-O-O 23. Qd2 Rdg8 24. Kf2 Ng4+ 25. Kg3 Bxg5 0-1

[Event "Challenge"]
[Site "http://www.queenalice.com/game.php?id=1614360"]
[Date "2020.5.29"]
[Round "-"]
[White "lgraham"]
[Black "Tenor"]
[Result "0-1"]
[WhiteElo "1505"]
[BlackElo "1576"]

1. e4 e5 2. Nf3 Nf6 3. Nc3 Nc6 4. Bc4 h6 5. d3 Bc5 6. O-O O-O 7. Nd5 Nxd5 8.
Bxd5 Na5 9. Nxe5 Qf6 10. Nf3 d6 11. d4 Bb6 12. Re1 c6 13. Bb3 Nxb3 14. axb3 Qg6
15. d5 c5 16. c4 f6 17. Nh4 Qh7 18. Ra4 Bd7 19. Ra3 a5 20. Qh5 Be8 21. Qd1 g5
22. Nf5 Bc7 23. Qh5 Bxh5 0-1

[Event "Challenge"]
[Site "http://www.queenalice.com/game.php?id=1614653"]
[Date "2020.5.31"]
[Round "-"]
[White "lgraham"]
[Black "dejami"]
[Result "0-1"]
[WhiteElo "1504"]
[BlackElo "1701"]

1. e4 e5 2. Bc4 Nf6 3. Nf3 Nxe4 4. Qe2 Nd6 5. Nxe5 Be7 6. d3 O-O 7. O-O Nf5 8.
Bxf7+ Rxf7 9. Nxf7 Kxf7 10. Qh5+ g6 11. Qxh7+ Ng7 12. Bh6 Bf6 13. Nc3 d5 14. Bf4
Nd7 15. Rae1 Nf8 16. Qh6 Nh5 17. Bd2 c6 18. g4 Ng7 19. Qe3 Bh4 20. Qf4+ Kg8 21.
g5 Nf5 22. Re5 Ne6 23. Qg4 Bxg5 24. f4 Nh6 25. Rxe6 Nxg4 0-1

[Event "Challenge"]
[Site "http://www.queenalice.com/game.php?id=1614654"]
[Date "2020.5.31"]
[Round "-"]
[White "dejami"]
[Black "lgraham"]
[Result "1-0"]
[WhiteElo "1711"]
[BlackElo "1506"]

1. e4 e5 2. Bc4 Bc5 3. Qf3 Nf6 4. h3 O-O 5. d3 Bb4+ 6. c3 Ba5 7. Qg3 Nh5 8. Qxe5
Bxc3+ 9. bxc3 Nc6 10. Qxh5 Qf6 11. Nf3 g6 12. Qh6 Qg7 13. Qh4 Re8 14. Ng5 Ne5
15. Nd2 Nxc4 16. Nxc4 h6 17. Nf3 Qxc3+ 18. Ke2 Qxa1 19. Bb2 h5 20. Bxa1 d6 21.
Qf6 Be6 22. Qg7# 1-0

[Event "Here We Go Again"]
[Site "http://www.queenalice.com/game.php?id=1618704"]
[Date "2020.6.30"]
[Round "-"]
[White "JHunter"]
[Black "lgraham"]
[Result "1-0"]
[WhiteElo "1424"]
[BlackElo "1501"]

1. e4 e5 2. d4 d5 3. c3 Nf6 4. Nf3 Bg4 5. h3 Bxf3 6. gxf3 Bd6 7. dxe5 Bxe5 8. f4
Bxf4 9. Bxf4 dxe4 10. Be2 Nc6 11. Rg1 O-O 12. h4 Re8 13. h5 h6 14. Bxh6 Kh7 15.
Rxg7+ Kxh6 16. Rxf7 Re6 17. Qd2+ Qxd2+ 18. Nxd2 Nd8 19. Rxc7 Nxh5 20. O-O-O Rc6
21. Re7 Nf4 22. Rh1+ Kg6 23. Bc4 Nd3+ 24. Kc2 Kf5 25. Rh5+ Kg6 26. Rh2 Kf5 27.
Rxe4 Ne5 28. Be2 Ndf7 29. f4 Ng6 30. Rh5+ Kf6 31. Nf3 Rd8 32. Nd4 Rcd6 33. Rf5+
Kg7 34. Ne6+ Kh6 35. Nxd8 Nxd8 36. Rh5+ Kg7 37. f5 Nf8 38. Rg4+ Kf6 39. Bd3 Nc6
40. Rh6+ Kf7 41. Rxd6 Ne5 42. Rg3 Ned7 43. Bc4+ Ke7 44. Rgd3 Kd8 45. Ra6 bxa6
46. Bxa6 Ke7 47. Rd5 Nb6 48. Rd4 Kf6 49. Bd3 Nfd7 50. Rd6+ Ke7 51. Re6+ Kf8 52.
Bb5 Nc5 53. b4 Nxe6 54. fxe6 Ke7 55. c4 Kxe6 56. c5 Nc8 57. c6 Nd6 58. Ba6 Ke7
59. b5 Kd8 60. a4 Kc7 61. a5 Nc4 62. Kb3 Nd6 63. Kb4 Ne8 64. Kc5 Nd6 65. b6+
axb6+ 66. axb6+ 1-0

[Event "Challenge"]
[Site "http://www.queenalice.com/game.php?id=1623474"]
[Date "2020.8.11"]
[Round "-"]
[White "Renie"]
[Black "lgraham"]
[Result "1-0"]
[WhiteElo "1068"]
[BlackElo "1496"]

1. c4 e5 2. d4 d6 3. dxe5 dxe5 4. Nc3 Nc6 5. a3 Qxd1+ 6. Nxd1 Bf5 7. Nc3 Nd4 8.
Ra2 O-O-O 9. e3 Nb3 10. Nge2 Bc2 11. g3 Nxc1 12. Nxc1 Nf6 13. Bg2 Ba4 14. Nxa4
g6 15. b4 h5 16. O-O Ng4 17. c5 Bh6 18. Rb2 c6 19. b5 Kc7 20. b6+ Kb8 21. Na2
Rd3 22. bxa7+ Kxa7 23. Nb6 Rxa3 24. Nc4 Rd3 25. Nd6 Rb8 26. Nxf7 Bf8 27. Nb4 Rc3
28. Be4 Rxc5 29. Ra2+ Kb6 30. Bxg6 Nf6 31. Rb1 Rb5 32. Rab2 Kc7 33. Bf5 Bxb4 34.
Rxb4 e4 35. Rxb5 cxb5 36. Rxb5 Kc6 37. Re5 Nd7 38. Rxe4 Rf8 39. Ne5+ 1-0

[Event "Challenge"]
[Site "http://www.queenalice.com/game.php?id=1623475"]
[Date "2020.8.11"]
[Round "-"]
[White "lgraham"]
[Black "Derik_vd_Heever"]
[Result "1-0"]
[WhiteElo "1496"]
[BlackElo "1449"]

1. e4 e5 2. Nf3 Nc6 3. Bb5 Nf6 4. d3 a6 5. Bxc6 bxc6 6. O-O g6 7. Nxe5 Qe7 8.
Ng4 Nh5 9. c4 Bg7 10. Bh6 Bxb2 11. Nc3 Bxa1 12. Qxa1 d6 13. Ne3 Qf6 14. g4 Ng7
15. Ne2 Qh4 16. Bf4 g5 17. Qxg7 Bxg4 18. Qxh8+ Ke7 19. Ng2 Qh5 20. Qxa8 Bxe2 21.
Rb1 Bxd3 22. Qb8 gxf4 23. Qxc7+ Kf8 24. Qxd6+ Kg7 25. Qxd3 f6 26. Rb7+ Kh6 27.
Nxf4 Qg4+ 28. Ng2 Kg5 29. Rg7+ Kh5 30. Rxg4 Kxg4 31. Qg3+ Kh5 32. Nf4+ Kh6 33.
Qh4+ Kg7 34. Nh5+ Kf7 35. Qxf6+ Kg8 36. Qg7# 1-0

[Event "Challenge"]
[Site "http://www.queenalice.com/game.php?id=1630021"]
[Date "2020.10.16"]
[Round "-"]
[White "lgraham"]
[Black "Renie"]
[Result "1-0"]
[WhiteElo "1490"]
[BlackElo "1068"]

1. d4 d5 2. Nc3 Nf6 3. Bf4 g6 4. Be5 Bg7 5. Nf3 Nbd7 6. Qd3 c5 7. O-O-O O-O 8.
e4 dxe4 9. Nxe4 Ng4 10. Bxg7 Kxg7 11. dxc5 Nxf2 12. Nxf2 b6 13. c6 Nc5 14. Qxd8
Rxd8 15. Rxd8 Ne6 16. Re8 Nc5 17. Bc4 e6 18. Rd1 h5 19. Rdd8 a5 20. Rxc8 Rxc8
21. Rxc8 1-0

[Event "Challenge"]
[Site "http://www.queenalice.com/game.php?id=1630651"]
[Date "2020.10.23"]
[Round "-"]
[White "Carlos19"]
[Black "lgraham"]
[Result "1-0"]
[WhiteElo "1414"]
[BlackElo "1510"]

1. e4 e5 2. Qh5 d6 3. d3 Nf6 4. Nf3 Bg4 5. Qh4 Bxf3 6. gxf3 Be7 7. Nc3 d5 8. Qg3
g6 9. Bg5 d4 10. Nd5 Nc6 11. Nxf6+ Bxf6 12. Bxf6 Qxf6 13. O-O-O O-O-O 14. h4 h5
15. Bh3+ Kb8 16. a4 Nb4 17. c4 Qa6 18. b3 Na2+ 19. Kb2 Nc3 20. Ra1 Qf6 21. c5
Ne2 22. Qg5 Qxg5 23. hxg5 Nf4 24. Bf1 Ne6 25. b4 Nxg5 26. Bg2 Ne6 27. Bh3 Nf4
28. Kc2 h4 29. b5 f5 30. exf5 Rdg8 31. c6 Rh5 32. cxb7 Kxb7 33. fxg6 Rxg6 34.
Bd7 Rg2 35. Rhg1 h3 36. a5 Rxf2+ 37. Kb3 h2 38. Rh1 1-0

[Event "Challenge"]
[Site "http://www.queenalice.com/game.php?id=1632003"]
[Date "2020.11.6"]
[Round "-"]
[White "lgraham"]
[Black "Vin100"]
[Result "0-1"]
[WhiteElo "1510"]
[BlackElo "1515"]

1. e4 e5 2. Nf3 d6 3. Bb5+ Bd7 4. Nc3 c6 5. Ba4 b5 6. Bb3 Be7 7. d4 exd4 8. Nxd4
b4 9. Nce2 c5 10. Nf3 Nc6 11. Qd5 Ne5 12. Nxe5 Be6 13. Qb7 Bxb3 14. Nc6 Qc8 15.
Qxc8+ Rxc8 16. Nxa7 Ra8 17. axb3 Nf6 18. f3 O-O 19. O-O Rfd8 20. Bg5 h6 21. Bh4
g5 22. Be1 d5 23. e5 Nd7 24. Bg3 f6 25. Nc6 Re8 26. Rxa8 Rxa8 27. Nxe7+ Kf7 28.
Nxd5 fxe5 29. Nb6 Nxb6 30. Bxe5 Re8 31. Bc7 Nd5 32. Bd6 Rxe2 33. Rc1 Ne3 34. Bg3
Nxc2 35. Kf1 Nd4 36. Be5 Rxe5 37. Re1 Rxe1+ 38. Kxe1 Nxb3 39. Kf2 c4 40. Ke3 Na5
41. g4 Nc6 42. f4 Ke6 43. f5+ Ke5 44. h3 Ne7 45. Kd2 Nd5 46. Kc2 Kd4 47. Kd2 c3+
48. bxc3+ bxc3+ 49. Kc2 Kc4 50. Kc1 Kd3 51. Kd1 c2+ 52. Kc1 Kc3 0-1

[Event "Challenge"]
[Site "http://www.queenalice.com/game.php?id=1632004"]
[Date "2020.11.6"]
[Round "-"]
[White "Vin100"]
[Black "lgraham"]
[Result "1-0"]
[WhiteElo "1467"]
[BlackElo "1482"]

1. e4 e5 2. Nf3 d6 3. d3 Nc6 4. c3 f5 5. Nbd2 f4 6. Be2 Nf6 7. b4 d5 8. O-O Be6
9. Bb2 d4 10. Ng5 Qd7 11. Nxe6 Qxe6 12. Nb3 b6 13. b5 Na5 14. Nxa5 bxa5 15. cxd4
exd4 16. Bxd4 Qd7 17. a4 Qxd4 18. Bf3 Bb4 19. Rc1 Rc8 20. Qb3 c6 21. bxc6 Qb6
22. Qe6+ Be7 23. Qxc8+ Qd8 24. Qxd8+ Kxd8 25. c7+ Kc8 26. e5 Nd7 27. d4 g5 28.
Be2 Nb6 29. Bb5 Rd8 30. cxd8=Q+ Kxd8 31. e6 Nd5 32. g4 Nc7 33. Bd7 Nd5 34. Rc8#
1-0

[Event "nochmal"]
[Site "http://www.queenalice.com/game.php?id=1634737"]
[Date "2020.11.29"]
[Round "-"]
[White "lgraham"]
[Black "dejami"]
[Result "1-0"]
[WhiteElo "1465"]
[BlackElo "1688"]

1. e4 e5 2. d4 d6 3. d5 Nf6 4. Nc3 a6 5. f4 Nfd7 6. Nf3 f6 7. Be3 c5 8. Bc4 Nb6
9. Be2 N6d7 10. f5 b5 11. O-O Nb6 12. b3 Qe7 13. Qd3 Bd7 14. a4 b4 15. Na2 Qf7
16. c3 Nc8 17. cxb4 cxb4 18. Nxb4 Ne7 19. Rfc1 Bc8 20. Rc7 g5 21. Qc4 Kd8 22.
Rc1 Bg7 23. Rxc8+ Nxc8 24. Qxc8+ Ke7 25. Rc7+ Nd7 26. Rxd7# 1-0

[Event "Damnit!"]
[Site "http://www.queenalice.com/game.php?id=1643217"]
[Date "2021.2.10"]
[Round "-"]
[White "lgraham"]
[Black "JHunter"]
[Result "1-0"]
[WhiteElo "1463"]
[BlackElo "1443"]

1. e4 c6 2. d4 d5 3. e5 e6 4. Nf3 c5 5. c4 Nc6 6. Nc3 Nge7 7. Bg5 h6 8. Bh4 Bd7
9. dxc5 Qa5 10. cxd5 Nxd5 11. Qa4 Nxc3 12. Qxa5 Nxa5 13. bxc3 Bxc5 14. Bd3 O-O
15. O-O Rac8 16. Rfd1 Nc6 17. Rab1 b6 18. Ba6 Rc7 19. Bc4 Bc8 20. Rd2 Rd7 21.
Rbd1 Ne7 22. Bb5 Rc7 23. Rd8 a6 24. Rxf8+ Kh7 25. Bd3+ Ng6 26. Bxg6+ fxg6 27.
Rfd8 Bb7 28. R1d7 Rxd7 29. Rxd7 Bd5 30. Bf6 Bf8 31. Be7 Bc6 32. Rd6 Bxe7 33.
Rxc6 1-0

[Event "Challenge"]
[Site "http://www.queenalice.com/game.php?id=1644208"]
[Date "2021.2.19"]
[Round "-"]
[White "dejami"]
[Black "lgraham"]
[Result "1-0"]
[WhiteElo "1637"]
[BlackElo "1494"]

1. e4 e5 2. h3 Bb4 3. a3 Ba5 4. b4 Bb6 5. c4 Bd4 6. Ra2 c5 7. b5 Nf6 8. d3 a6 9.
Qa4 a5 10. Ne2 O-O 11. Ng3 d6 12. Qc2 Be6 13. a4 d5 14. cxd5 Nxd5 15. Ra3 Qf6
16. exd5 Bxd5 17. Rg1 b6 18. Nh5 Qh4 19. Ng3 Nd7 20. Qe2 Rae8 21. Kd2 Qh6+ 22.
Kd1 Qf6 23. Nh5 Qg6 24. Nd2 Nf6 25. g4 Qg5 26. Ne4 Qg6 27. Nexf6+ gxf6 28. g5 e4
29. Nxf6+ Bxf6 30. Qg4 Bd4 31. h4 h5 32. Qg3 exd3 33. Bxd3 Qe6 34. g6 fxg6 35.
Be3 Rf3 36. Qxg6+ Bg7 37. Qxg7# 1-0

[Event "Challenge"]
[Site "http://www.queenalice.com/game.php?id=1646400"]
[Date "2021.3.11"]
[Round "-"]
[White "lgraham"]
[Black "Vin100"]
[Result "0-1"]
[WhiteElo "1484"]
[BlackElo "1590"]

1. e4 e5 2. d4 exd4 3. Qxd4 Nc6 4. Qa4 a6 5. c3 b5 6. Bxb5 Bb7 7. Bc4 Ne5 8. Nd2
Nf6 9. Ngf3 Nxf3+ 10. gxf3 Bc5 11. b4 Be7 12. Qb3 O-O 13. Ba3 d5 14. Bd3 Qd7 15.
e5 Qe6 16. f4 Nd7 17. O-O-O Qb6 18. Qc2 g6 19. Nf3 Rfe8 20. Rdg1 a5 21. f5 d4
22. cxd4 Bxf3 23. Be4 Bxh1 24. Bxh1 Rac8 25. bxa5 Qxd4 26. Rd1 Qf4+ 27. Kb1 Nxe5
28. Bc1 Qxf5 29. Be4 Qh3 30. f3 Nxf3 31. Bxf3 Qxf3 32. Rd7 Rb8+ 33. Bb2 Bd6 34.
Kc1 Re2 35. Qd1 Bf4+ 36. Kb1 Rbxb2+ 37. Ka1 Rxa2+ 38. Kb1 Reb2# 0-1

[Event "Challenge"]
[Site "http://www.queenalice.com/game.php?id=1761458"]
[Date "2021.6.5"]
[Round "-"]
[White "Vin100"]
[Black "lgraham"]
[Result "1-0"]
[WhiteElo "1636"]
[BlackElo "1472"]

1. e4 Nc6 2. c3 e5 3. g3 Bc5 4. d3 d5 5. Bg2 d4 6. Ne2 Qf6 7. b4 dxc3 8. bxc5
Nd4 9. Nbxc3 Ne7 10. O-O O-O 11. Bb2 Bg4 12. Re1 1-0